00315nam a22001217a 450000500170000002000230001703500220004003700130006210000200007524500480009526000270014330000230017020181004162507.0 a0333937163c295.00 aB-133121,B-133119 aDPLbENG aBabu, M. Sathya aMotivating bureaucracy /cby M. Sathya Babu aDelhibMacmillanc2002 axv, 175p.c20 cms.